| 000 | 00772nam a2200205Ii 4500 | ||
|---|---|---|---|
| 003 | JO-AjNU | ||
| 008 | 230605s9999||||xx |||||||||||||| ||und|| | ||
| 040 |
_aJO-AjNU _bara _erda _cJO-AjNU |
||
| 041 | _aara | ||
| 050 | 1 | 4 | _aHV 4028.G3 1981 |
| 100 | 3 |
_aالغروي، محمد, _eauthor _942673 |
|
| 245 | 0 | 0 | _aالفقراء في ظل الراسمالية والماركسية والاسلام |
| 250 | _aط2 | ||
| 264 | 3 | 1 | _aبيروت: دار التعارف للمطبوعات، 1981 |
| 300 |
_a159ص _bيحتوي على ببلوغرافية من 153-159ص |
||
| 336 |
_atext _btxt _2rdacontent |
||
| 337 |
_aunmediated _bn _2rdamedia |
||
| 338 |
_avolume _bnc _2rdacarrier |
||
| 650 | 4 |
_aالفقر- الراسمالية - الماركسية - الاسلام _942674 |
|
| 999 |
_aA18290 _c21858 _d21858 |
||